Szczegóły MARC21

Psychospołeczne i środowiskowe konteksty zdrowia i choroby /

003 -Nazwa inst., której nr kontr. jest w polu 001 [,]
    • @
    • Nazwa instytucji, której n kontrolny jest w polu 001
    • NUKAT
005 -DATA I CZAS OSTATNIEJ MODYFIKACJI [,]
    • @
    • pole kontrolne
    • 20241231105316.0
020 -Międzynarod. znormalizowany nr książki - ISBN [ , ]
    • a
    • Numer ISBN
    • 9788380128262 Find
    • q
    • Dopowiedzenie
    • wersja drukowana
020 -Międzynarod. znormalizowany nr książki - ISBN [ , ]
    • a
    • Numer ISBN
    • 9788380128279 Find
    • q
    • Dopowiedzenie
    • wersja eletroniczna
040 -Instytucja sporządzająca opis [ , ]
    • a
    • Instytucja, która sporządziła opis (NP)
    • KAT U/21EZ
    • c
    • Instytucja, która sporządziła rekord (NP)
    • KAT U/21EZ
    • d
    • Instytucja, która zmodyfikowała rekord (P)
    • KAT U/21MGs
    • d
    • Instytucja, która zmodyfikowała rekord (P)
    • KAT U/MP
041 -Język dokumentu [0, ]
    • a
    • Język tekstu (P)
    • polski
    • b
    • Język streszczeń lub abstraktu (P)
    • angielski
    • b
    • Język streszczeń lub abstraktu (P)
    • niemiecki
942 -Rodzaj dokumentu [ , ]
    • c
    • Rodzaj dokumentu
    • Książka
245 -Strefa tytułu i oznaczenia odpowiedzialności [0,0]
    • a
    • Tytuł
    • Psychospołeczne i środowiskowe konteksty zdrowia i choroby / Find
    • c
    • Pozostałe elementy strefy tytułu i oznaczenia odpowiedzialności (NP)
    • redakcja naukowa Katarzyna Borzucka-Sitkiewicz.
260 -Strefa adresu wydawniczego [ , ]
    • a
    • Miejsce wydania (P)
    • Katowice :
    • b
    • Nazwa wydawcy (P)
    • Wydawnictwo Uniwersytetu Śląskiego,
    • c
    • Data wydania (P)
    • 2016.
300 -Strefa opisu fizycznego [ , ]
    • a
    • Określenie formy książki i/lub objętość (NP)
    • 224 s. :
    • b
    • Oznaczenie ilustracji (NP)
    • il. ;
    • c
    • Format (NP)
    • 24 cm.
336 -Typ zawartości [ , ]
    • a
    • Termin opisujący typ zawartości
    • Tekst
    • b
    • Kod określający zawartość
    • txt
    • 2
    • Źródło (terminu i kodu)
    • rdacontent
337 -Typ mediów [ , ]
    • a
    • Tryb odtwarzania
    • Bez urządzenia pośredniczącego
    • b
    • Kod typu mediów
    • n
    • 2
    • Źródło (terminu i kodu)
    • rdamedia
338 -Typ/rodzaj nośnika [ , ]
    • a
    • Hasło opisujące typ nośnika
    • Wolumin
    • b
    • Kod typu nośnika
    • nc
    • 2
    • Źródło (terminu i kodu)
    • rdacarrier
490 -Strefa serii i książki wielotomowej - forma nie do wyszukiwania [1, ]
    • a
    • Tytuł (P)
    • Prace Naukowe Uniwersytetu Śląskiego w Katowicach, Find
    • x
    • ISSN (NP)
    • 0208-6336 ;
    • v
    • Numeracja (P)
    • nr 3444
830 -Hasło dodatkowe serii i opisu książki wielotomowej - tytuł ujednolicony/tytuł [ ,0]
    • a
    • Tytuł ujednolicony/tytuł (NP)
    • Prace Naukowe Uniwersytetu Śląskiego w Katowicach
    • x
    • ISSN
    • 0208-6336
    • v
    • Oznaczenie tomu (NP)
    • 3444
    • 9
    • KHW
    • 59
504 -Uwaga dot. bibliogr. załącznikowej [ , ]
    • a
    • Uwaga dot. bibliografii załącznikowej
    • Bibliogr. przy rozdz.
546 -Uwaga dot. języka [ , ]
    • a
    • Uwaga dot. języka
    • Streszcz. ang., niem.
650 -Hasło przedmiotowe [ ,7]
    • a
    • Hasło przedmiotowe
    • Zdrowie
    • x
    • Określnik rzeczowy
    • aspekt psychologiczny.
    • 2
    • Źródło terminu
    • kaba
    • 9
    • KHW
    • 137707
650 -Hasło przedmiotowe [ ,7]
    • a
    • Hasło przedmiotowe
    • Zachowania zdrowotne
    • x
    • Określnik rzeczowy
    • aspekt psychologiczny.
    • 2
    • Źródło terminu
    • kaba
    • 9
    • KHW
    • 425505
650 -Hasło przedmiotowe [ ,7]
    • a
    • Hasło przedmiotowe
    • Socjologia zdrowia.
    • 2
    • Źródło terminu
    • kaba
    • 9
    • KHW
    • 193923
700 -Hasło dodatkowe - nazwa osobowa [1, ]
    • a
    • Nazwa osobowa (NP)
    • Borzucka-Sitkiewicz, Katarzyna. Find
    • e
    • Określenie rodzaju współpracy
    • Red.
    • 9
    • KHW
    • 25776
710 -Hasło dodatkowe - nazwa ciała zbiorowego [2, ]
    • a
    • Nazwa ciała zbiorowego lub nazwa geograficzna jako pierwszy element (NP)
    • Uniwersytet Śląski (Katowice).
    • b
    • Nazwa jednostki podrzędnej (P)
    • Wydawnictwo.
    • 4
    • Kod relacji
    • pbl
    • 9
    • KHW
    • 52826
920 -ISBN [ , ]
    • a
    • ISBN
    • 978-83-8012-826-2 Find
    • q
    • Dopowiedzenie
    • wersja drukowana
920 -ISBN [ , ]
    • a
    • ISBN
    • 978-83-8012-827-9 Find
    • q
    • Dopowiedzenie
    • wersja eletroniczna
Lokalizacja Status udost. Data inwentaryzacji Numer inwentarzowy
BG12017-09-13Z.122575